00417nam a22001217a 4500008004100000050002100041100003000062245007400092260005300166300003000219500002000249650002600269170208b xxu||||| |||| 00| 0 eng d aND813 .G7T7 1955 aDu Gue Trapier, Elizabeth aGoya, a study of his portraits, 1797-99 /cElizabeth du Gué Trapier aNew York :bHispanic Society of America, c1955. avii,33p. :bill. ;c23cm. aincludes index. a Portraits, Spanish.